|
|
|
|
| LEADER |
00000nam0a2200000 4500 |
| 001 |
248965 |
| 005 |
20231101232432.0 |
| 035 |
|
|
|a (RuTPU)RU\TPU\book\270915
|
| 035 |
|
|
|a RU\TPU\book\262836
|
| 090 |
|
|
|a 248965
|
| 100 |
|
|
|a 20140129d1988 k y0rusy50 ca
|
| 101 |
0 |
|
|a rus
|
| 102 |
|
|
|a EE
|
| 105 |
|
|
|a a z 001zy
|
| 200 |
1 |
|
|a Системный подход и статистические методы анализа
|e межвузовский сборник научных работ по статистике XII
|f Таллинский технический университет (ТТУ) ; под ред. У. И. Мересте
|
| 210 |
|
|
|a Таллин
|c Изд-во ТалТУ
|d 1988
|
| 215 |
|
|
|a 135 с.
|c ил.
|
| 225 |
1 |
|
|a Труды Таллинского технического университета
|v Вып. 664
|x 0136-3549
|x 0203-9699
|
| 300 |
|
|
|a На англ. языке
|
| 320 |
|
|
|a Библиогр. в конце ст.
|
| 606 |
1 |
|
|a Статистика
|2 stltpush
|3 (RuTPU)RU\TPU\subj\56822
|9 74712
|
| 606 |
1 |
|
|a Экономическая статистика
|2 stltpush
|3 (RuTPU)RU\TPU\subj\37404
|9 58406
|
| 610 |
1 |
|
|a системный подход
|
| 610 |
1 |
|
|a анализ
|
| 610 |
1 |
|
|a хозяйственная деятельность
|
| 610 |
1 |
|
|a основные элементы
|
| 610 |
1 |
|
|a математико-статистические методы
|
| 610 |
1 |
|
|a применение
|
| 610 |
1 |
|
|a хозяйственный механизм
|
| 610 |
1 |
|
|a экономический рост
|
| 610 |
1 |
|
|a сельскохозяйственное производство
|
| 686 |
|
|
|a С6
|2 rubbk
|
| 686 |
|
|
|a У051
|2 rubbk
|
| 702 |
|
1 |
|a Мересте
|b У. И.
|4 340
|
| 712 |
0 |
2 |
|a Таллинский технический университет (ТТУ)
|c (1938-1941, 1989-)
|2 stltpush
|3 (RuTPU)RU\TPU\col\17464
|
| 801 |
|
1 |
|a RU
|b 63413507
|c 20110901
|
| 801 |
|
2 |
|a RU
|b 63413507
|c 20231011
|g RCR
|
| 942 |
|
|
|c BK
|